=LDR 00000nam 2200000 4500 =001 INLIS000000000002685 =005 20201105082747 =035 ##$$a 0010-061300000002685 =008 201105################g##########0#ind## =041 ##$$a Ind =082 ##$$a 320.1 =090 ##$$a 320.1, Cha n =100 ##$$a Al-Chaidar =245 1#$$a Negara madinah : $b Refleksi tentang agama dan pluralisme /$c Al-Chaidar, editor,Zulfikar Salahudin =260 ##$$a Jakarta :$b Madani Press,$c 2000 =300 ##$$a 92 hlm, ; $c 21 x 15 cm. =650 #4$$a Negara =700 #$$a Salahudin, Zulfikar =850 ##$$a NBPNMAT =084 ##$$a 320.1 Cha n =990 ##$$a DW00009408 =990 ##$$a 153.494 pro.2000 =990 ##$$a 153.495 pro.2000 =990 ##$$a DW00009411 =990 ##$$a 153.496/pro-2000